| 000 | 00611nam a2200217 a 4500 | ||
|---|---|---|---|
| 001 | 67386 | ||
| 003 | BD-RjUL | ||
| 005 | 20211209081638.0 | ||
| 008 | 850423s1958 enka 001 0 eng | ||
| 035 | _a(BD-RjUL)67517 | ||
| 040 |
_aDLC/ICU _cICU _dDLC _dBD-RjUL _beng |
||
| 041 | _aeng | ||
| 082 | 0 | 0 |
_223 _a537 _bMYT 1958 |
| 100 | 1 |
_aMyers, W. R. _9199648 |
|
| 245 | 1 | 0 |
_aTheoretical electromagnetism / _cW R Myers |
| 260 |
_aLondon : _bButterworths Scientific Publications, _c1958 |
||
| 300 |
_a274 p. : _bill. ; _c23 cm. |
||
| 500 | _aIncludes index | ||
| 650 | 0 |
_aElectromagnetism. _9199649 |
|
| 942 |
_2ddc _cBK |
||
| 999 |
_c67386 _d67386 |
||